L'Arno: asse di sviluppo della Toscana

Αποθηκεύτηκε σε:
Λεπτομέρειες βιβλιογραφικής εγγραφής
Κύριος συγγραφέας: Ghelardoni, Paolo (Συγγραφέας)
Μορφή: Βιβλίο
Γλώσσα:Ιταλικά
Έκδοση: Florencia Edifir 2003
Θέματα:
Ετικέτες: Προσθήκη ετικέτας
Δεν υπάρχουν, Καταχωρήστε ετικέτα πρώτοι!

MARC

LEADER 00000nam a2200000 a 4500
001 UCL4831
003 CL-VaPUC
008 040227e20030000IT |||||||||||||||||ita|d
020 |a 8879701592 
082 0 4 |a 914.55  |b GHE  |2 21 
100 |a Ghelardoni, Paolo  |e author  |9 482496 
245 1 2 |a L'Arno: asse di sviluppo della Toscana 
300 |a 159 p 
942 |c BK 
945 |d 20040227 00:00:00  |a cmena 
260 |a Florencia  |b Edifir  |c 2003 
650 7 |a LUGARES GEOGRAFICOS  |2 CL-VaPUC  |9 482497 
650 7 |a DIVISION POLITICA  |2 CL-VaPUC  |9 469494 
651 7 |a TOSCANA  |2 CL-VaPUC  |9 482498 
651 0 |a Italia  |9 254949 
583 |a last modification  |c 20040227 00:00:00  |k Rodrigo Vera 
999 |c 307592  |d 307590 
952 |0 0  |1 0  |4 0  |6 914_550000000000000_GHE_2003  |7 0  |8 A  |9 373625  |a BIBHIS  |b BIBHIS  |d 2019-11-21  |i 3985857  |o 914.55 GHE 2003  |p 3985857  |r 2025-01-20  |w 2019-11-21  |y BK  |k HIS